survey of small scale aquaculture in kompong speu province (ការស្រង់ព៏តមាននៃការចិញ្ចឹមត្រីទ្រង់ទ្រាយតូចរបស់កសិករនៅខេត្តកំពង់ស្ពឺ) (Record no. 3777)

000 -LEADER
fixed length control field 00620nam a22001577a 4500
003 - CONTROL NUMBER IDENTIFIER
control field OSt
005 - DATE AND TIME OF LATEST TRANSACTION
control field 20151201102236.0
008 - FIXED-LENGTH DATA ELEMENTS--GENERAL INFORMATION
fixed length control field 151201b xxu||||| |||| 00| 0 eng d
040 ## - CATALOGING SOURCE
Transcribing agency RUA
082 ## - DEWEY DECIMAL CLASSIFICATION NUMBER
Classification number FIS OR 2000 B172 Or.1
100 ## - MAIN ENTRY--PERSONAL NAME
9 (RLIN) 4058
Personal name OR, NAVY.
245 ## - TITLE STATEMENT
Title survey of small scale aquaculture in kompong speu province (ការស្រង់ព៏តមាននៃការចិញ្ចឹមត្រីទ្រង់ទ្រាយតូចរបស់កសិករនៅខេត្តកំពង់ស្ពឺ)
260 ## - PUBLICATION, DISTRIBUTION, ETC. (IMPRINT)
Place of publication, distribution, etc. Phnom Penh
Name of publisher, distributor, etc. RUA
Date of publication, distribution, etc. 2000
300 ## - PHYSICAL DESCRIPTION
Extent 43p.
Other physical details ill.
Dimensions 29cm.
942 ## - ADDED ENTRY ELEMENTS (KOHA)
Source of classification or shelving scheme
Koha item type FIS
Holdings
Price effective from Date last seen Permanent Location Not for loan Date acquired Source of classification or shelving scheme Koha item type Barcode Lost status Damaged status Shelving location Withdrawn status Current Location Full call number
2015-12-012015-12-01Library Block B 2015-12-01 FISRUA025663  B172 Library Block BFIS OR 2000 B172 Or.1
2015-12-012015-12-01Library Block B 2015-12-01 FISRUA025945  B172 Library Block BFIS OR 2000 B172 Or.2
2015-12-012015-12-01Library Block B 2015-12-01 FISRUA025873  B172 Library Block BFIS OR 2000 B172 Or.3
2015-12-012015-12-01Library Block B 2015-12-01 FISRUA025801  B172 Library Block BFIS OR 2000 B172 Or.4
2015-12-012015-12-01Library Block B 2015-12-01 FISRUA025729  B172 Library Block BFIS OR 2000 B172 Or.5
2015-12-012015-12-01Library Block B 2015-12-01 FISRUA025657  B172 Library Block BFIS OR 2000 B172 Or.6
2015-12-012015-12-01Library Block B 2015-12-01 FISRUA025585  B172 Library Block BFIS OR 2000 B172 Or.7
2015-12-012015-12-01Library Block B 2015-12-01 FISRUA025591  B172 Library Block BFIS OR 2000 B172 Or.8
2015-12-012015-12-01Library Block B 2015-12-01 FISRUA025519  B172 Library Block BFIS OR 2000 B172 Or.9
2015-12-012015-12-01Library Block B 2015-12-01 FISRUA025513  B172 Library Block BFIS OR 2000 B172 Or.10
2015-12-012015-12-01Library Block B 2015-12-01 FISRUA025526  B172 Library Block BFIS OR 2000 B172 Or.11
មជ្ឈមណ្ឌលឯការនៃសាកលវិទ្យាល័យភូមិន្ទកសិកម្មចំការដូង

Powered by Koha